000 00987nam a2200289 i 4500
001 000027466
003 DO-SdBNP
005 20251007100657.0
007 ta
008 110331s1997 dr ab 000 | spa d
040 _aDO-SdBNP
_bspa
_cBNPHU
_erda
041 _aspa
082 4 _axxx
_bR426m
_222
110 1 _aRepública Dominicana.
_bSecretaría de Estado de las Fuerzas Armadas.
_bEjercito Nacional
_954540
245 1 0 _aManual de historia militar dominicana. /
264 1 _aSanto Domingo :
_bEdita Libros,
_c1997.
300 _avolúmenes :
_bilustraciones, mapas ;
_c21 cm.
336 _atexto
_btxt
_2rdacontent
337 _asin mediación
_bn
_2rdamedia
338 _avolumen
_bnc
_2rdacarrier
490 1 _aJefatura de Estado Mayor del Ejercito Nacional
_v9
500 _aLa biblioteca posee el volumen 1.
590 _aInventariado 2022/BT
830 0 _aJefatura de Estado Mayor del Ejercito Nacional ;
_v9
_954541
830 0 _aDuarte virtual
_981992
942 _2ddc
_cLBS1
999 _c26958
_d26958